Countries with the Most Foxes - Statistics

General Stats
  • This quiz has been taken 38 times
  • The average score is 13 of 15
Answer Stats
# Foxes Answer % Correct
300K Canada
100%
550K China
100%
1M Russia
100%
1M United States
97%
300K France
94%
400K Germany
94%
250K United Kingdom
94%
500K Brazil
91%
200K Spain
84%
200K Italy
81%
75K Argentina
75%
2M Australia
72%
75K Kazakhstan
69%
550K Turkey
69%
550K Iran
56%
No matching quizzes found
Score Distribution
Percent of People with Each Score
Percentile by Number Answered
Your Score History
You have not taken this quiz